LEADER 00879nam--2200337---450- 001 990001768780203316 005 20040617175326.0 035 $a000176878 035 $aUSA01000176878 035 $a(ALEPH)000176878USA01 035 $a000176878 100 $a20040617d--------km-y0itay0103----ba 101 0 $aita 102 $aIT 105 $a||||||||001yy 200 1 $aPropertiana$fLuigi Alfonsi 210 $aFirenze$cSansoni$d[s.d.] 215 $d24 cm 300 $aEstratto da: Studi in onore di Luigi Castiglioni, P. 11 410 0$12001 454 1$12001 461 1$1001-------$12001 700 1$aALFONSI,$bLuigi$0159610 801 0$aIT$bsalbc 912 $a990001768780203316 951 $aVIII Misc. 7/8$bL.M.$cVIII Misc. 959 $aBK 969 $aUMA 979 $aSIAVER$b90$c20040617$lUSA01$h1753 996 $aPropertiana$9952270 997 $aUNISA